ultimate spiderman-sheild agents - Statistics

General Stats
  • This quiz has been taken 43 times
  • The average score is 4 of 5
Answer Stats
Hint Answer % Correct
peter parker spiderman
97%
uses fists ironfist
89%
can fly nova
84%
tiger white tiger
82%
super strong powerman
71%
No matching quizzes found
Score Distribution
Percent of People with Each Score
Percentile by Number Answered
Your Score History
You have not taken this quiz